| 000 | 00419nam a22001697a 4500 | ||
|---|---|---|---|
| 003 | CEME | ||
| 005 | 20210628203642.0 | ||
| 008 | 210318b xxu||||| |||| 00| 0 eng d | ||
| 020 | _a0-12-676350-X | ||
| 040 | _c. | ||
| 082 | _a519.72 SUL'L | ||
| 100 |
_aSultan, Alam _966718 |
||
| 245 | _aLinear programming , an introduction with applications | ||
| 260 |
_aNEWYORK _bAP _c1993 |
||
| 300 | _a568P | ||
| 942 |
_cBK _2ddc |
||
| 999 |
_c574636 _d574636 |
||